Yüksek sıklıktaki adlar: zaman sözcük biçimi üzerine derlem temelli bir inceleme : (Record no. 15622)

MARC details
000 -BAŞLIK
Sabit Uzunlukta Kontrol Alanı 00988nam a22002417a 4500
999 ## - SİSTEM KONTROL NUMARALARI (KOHA)
Koha Biblionumber 15622
Koha Biblioitemnumber 15622
003 - KONTROL NUMARASI IDENTIFIER
Denetim Alanı MIRAKIL
005 - SON İŞLEM TARİHİ VE ZAMANI
Denetim Alanı 20240312150350.0
008 - SABİT-BOY VERİ ELEMANLARI - GENEL BİLGİLER
Sabit Uzunlukta Kontrol Alanı 240312b tu ||||| |||| 00| 0 tur d
020 ## - ULUSLARARASI STANDART KİTAP NUMARASI
Uluslararası Standart Kitap Numarası 9789751746351
040 ## - KATALOGLAMA KAYNAK
Orijinal Kataloglama Ajansı TR-AnCHP
Metne Dönüştürmek Ajansı TR-AnCHP
041 ## - DİL KODU
Metin / Ses Parça Veya Ayrı Başlığın Dil Kodu tur
082 ## - DEWEY ONLU SINIFLANDIRMA NUMARASI
Sınıflandırma Numarası 415
Ürün Numarası Ç24y 2020
100 ## - ANA GİRİŞ - KİŞİSEL İSİM
Kişisel Ad Çalışkan, Nihal
245 10 - BAŞLIK TABLOSU
Başlık Yüksek sıklıktaki adlar: zaman sözcük biçimi üzerine derlem temelli bir inceleme :
Başlığın Kalan (eş dizimlilikler, biçim birimi dizileri, dil bilgisel örüntüler ve semantik prozodi) /
Sorumluluk Tablosu, Vb Nihal Çalışkan.
246 ## - UNVAN FORM VARYING
Başlık Doğru / Kısa Başlığı Yüksek sıklıktaki adlar
260 ## - YAYIN, DAĞITIM, VB
Yayın, Dağıtım, Vb Yeri Ankara :
Yayıncı, Dağıtıcı, Vs Adı Türk Dil Kurumu,
Yayın, Dağıtım, Vb Tarihi 2020
300 ## - FİZİKSEL TANIM
Kapsam 213 sayfa :
Diğer Fiziksel Ayrıntıları tablo ;
Boyutlar 24 cm
490 0# - SERİSİ TABLOSU
Seri Beyanı Atatürk Kültür, Dil ve Tarih Kurumu Yüksek Kurumu Türk Dil Kurumu yayınları ;
Hacim / Ardışık Tanımı 1364.
504 ## - KAYNAKÇA VB NOT
Kaynakça Vb Notu Kaynakça: 201-209. sayfa<br/>
650 #0 - KONU KATMA GİRİŞ - TOPİKAL DÖNEM
9 (RLIN) 7716
Topikal Süreli Veya Coğrafi Ad Giriş Elemanı Türk dili
Genel Alt Bölümü dil bilgisi
856 ## - ELEKTRONİK YER VE ERİŞİM
Kamu Notu Dijital Nüshası için Partimizin Kütüphane Sorumlusu ile iletişime geçiniz.
942 ## - EKLENDİ GİRİŞ ELEMANLARI (KOHA)
Sınıflandırma Veya Raf Düzeni Kaynak Dewey Decimal Classification
Koha Öğesi Türü Books
Holdings
Kalıcı Konum Mevcut Konum Edinme Tarihi Toplam Check-Out'Lar Tam Çağrı Numarası Barkod Tarih Son Görülme İtibaren Geçerli Fiyatlar Koha Öğesi Türü
CHP Kütüphanesi CHP Kütüphanesi 03/12/2024   415 Ç24y 2020 21535 03/12/2024 03/12/2024 Books